| 000 | 00857nam a2200253Ia 4500 | ||
|---|---|---|---|
| 003 | OSt | ||
| 005 | 20220926010519.0 | ||
| 006 | a|||||r|||| 00| 0 | ||
| 007 | ta | ||
| 008 | 220923b |||||||| |||| 00| 0 eng d | ||
| 020 |
_a818896557x _c318.75 |
||
| 037 |
_bG-3155/10-11, 11/11/2010, Manohar Publishers & Distributors _cGeneral Book |
||
| 040 |
_aRTL _cRTL _beng |
||
| 041 |
_2eng _aeng |
||
| 082 | _aY2215-55:3, Q0 | ||
| 100 |
_aRAJA Ira _9312451 |
||
| 245 | 0 |
_aEndless winter's night _b An anthology of mother-daughter stories |
|
| 260 |
_a New Delhi _bWomen Unlimited _c2010 |
||
| 300 |
_axxxii, 304p _ccm. |
||
| 650 | _aSociology | ||
| 700 |
_a SOUTER Kay _9312452 |
||
| 942 |
_hY2215-55:3, Q0 _cGB _2CC |
||
| 999 |
_c617456 _d617456 |
||